2 states : the story of my marriage /

Story about inter-community marriage in modern India.

Bibliographic Details
Main Author: Bhagat, Chetan
Format: Book
Language:English
Published: New Delhi : Rupa & Co, 2009.
Subjects:

MARC

Tag First Indicator Second Indicator Subfields
LEADER 00000cam a2200000Ia 4500
001 in00002525708
005 20151113113323.0
008 091020s2009 ii 000 f eng d
010 |a  2009310995 
020 |a 9788129115300 (pbk.) 
020 |a 8129115301 (pbk.) 
025 |a I-E-2009-310995; 26-91 
035 |a (OCoLC)ocn459617239 
035 |a (OCoLC)459617239 
037 |b Library of Congress -- New Delhi Overseas Office  |c Rs95.00 
040 |a DKAGE  |c DKAGE  |d DLC  |d TXA  |d UtOrBLW 
042 |a lccopycat  |a lcode 
043 |a a-ii--- 
049 |a TXAM 
050 4 |a PR9499.3.B43  |b A12 2009 
082 0 4 |a 823.92  |2 22 
090 |a PR9499.3.B424  |b A12 2009 
100 1 |a Bhagat, Chetan. 
245 1 0 |a 2 states :  |b the story of my marriage /  |c a novel by Chetan Bhagat. 
246 3 |a Two states 
246 3 0 |a Story of my marraige 
264 1 |a New Delhi :  |b Rupa & Co,  |c 2009. 
300 |a x, 269 pages ;  |c 20 cm. 
336 |a text  |b txt  |2 rdacontent 
337 |a unmediated  |b n  |2 rdamedia 
338 |a volume  |b nc  |2 rdacarrier 
520 |a Story about inter-community marriage in modern India. 
650 0 |a Interethnic marriage  |z India  |v Fiction. 
655 0 |a Indic fiction (English) 
938 |a D.K. Agencies (P) Ltd.  |b DKAP  |n DK-198870-PBK 
994 |a C0  |b TXA 
948 |a cataloged  |b h  |c 2009/12/7  |d c  |e nbehmer  |f 10:51:01 am 
999 |a MARS 
999 f f |s e59941dc-bea2-3484-b661-93d3f07137ed  |i 2f3b4a1f-bda7-30ce-abe3-84c4eed5c161  |t 0 
952 f f |p normal  |a Texas A&M University  |b College Station  |c Sterling C. Evans Library  |d Evans: Library Stacks  |t 0  |e PR9499.3.B424 A12 2009  |h Library of Congress classification  |i unmediated -- volume  |m A14838877959 
998 f f |a PR9499.3.B424 A12 2009  |t 0  |l Evans: Library Stacks